Dr. Schreyer Jakab [gyászhír] /

Elmentve itt :
Bibliográfiai részletek
Szerző: Beck Salamon
Dokumentumtípus: Cikk
Megjelent: 1932
Sorozat:Polgári jog : a hazai és külföldi magánjog és hiteljog szemléje 8
Kulcsszavak:Schreyer Jakab, Jogélet Magyarország 1932, Jogtudomány magyar nekrológ
Online Access:http://misc.bibl.u-szeged.hu/15373
LEADER 00651nab a2200169 i 4500
001 misc15373
005 20191106142444.0
008 170607s1932 hu o 0|| hun d
040 |a SZTE Miscellanea Repozitórium  |b hun 
041 |a hun 
100 1 |a Beck Salamon 
245 1 0 |a Dr. Schreyer Jakab   |h [elektronikus dokumentum] :  |b [gyászhír] /  |c  Beck Salamon 
260 |c 1932 
300 |a 296q 
490 0 |a Polgári jog : a hazai és külföldi magánjog és hiteljog szemléje  |v 8 
695 |a Schreyer Jakab, Jogélet Magyarország 1932, Jogtudomány magyar nekrológ 
856 4 0 |u http://misc.bibl.u-szeged.hu/15373/1/polgari_jog_1932_296q.pdf  |z Dokumentum-elérés